[Event "Wellington Mazur Memorial"]
[Site "Wellington"]
[Date "2013.12.05"]
[Round "7"]
[White "Sknar, Andrew"]
[Black "Cunningham, Patrick D"]
[Result "0-1"]
[WhiteElo "1370"]
[BlackElo "1590"]
[PlyCount "56"]
[EventDate "2013.10.26"]
[EventType "swiss"]
[EventRounds "8"]
[EventCountry "NZL"]
[SourceTitle "EXT 2018"]
[Source "ChessBase"]
[SourceDate "2017.10.13"]
[SourceVersion "1"]
[SourceVersionDate "2017.10.13"]
[SourceQuality "1"]

1. e4 e5 2. Nf3 Nc6 3. c3 Nf6 4. Ng5 h6 5. Nf3 Nxe4 6. d4 d6 7. d5 Ne7 8. Qa4+ Bd7 9. Qxe4 c6 10. Bc4 Bf5 11. Qe3 cxd5 12. Bb5+ Nc6 13. Nxe5 dxe5 14. Qxe5+ Be6 15. 0-0 Qd6 16. Qe2 a6 17. Bxc6+ bxc6 18. b4 Be7 19. g3 0-0 20. a3 Rfe8 21. Qh5 Bf6 22. Ra2 Qe5 23. Qf3 Bh3 24. Re2 Qxe2 25. Qxe2 Rxe2 26. Rd1 Rae8 27. Be3 d4 28. cxd4 Bxd4 0-1

[Event "Wellington CC Summer Cup"]
[Site "Wellington"]
[Date "2013.03.14"]
[Round "5"]
[White "Sknar, Andrew"]
[Black "Veldhuizen, Matt"]
[Result "0-1"]
[WhiteElo "963"]
[BlackElo "1576"]
[PlyCount "70"]
[EventDate "2013.02.07"]
[EventType "swiss"]
[EventRounds "8"]
[EventCountry "NZL"]
[SourceTitle "EXT 2018"]
[Source "ChessBase"]
[SourceDate "2017.10.13"]
[SourceVersion "1"]
[SourceVersionDate "2017.10.13"]
[SourceQuality "1"]

1. e4 c6 2. d4 d5 3. e5 Bf5 4. Nf3 e6 5. Bd3 Bxd3 6. cxd3 Qb6 7. 0-0 Ne7 8. Nc3 Nd7 9. Bf4 Qxb2 10. Qd2 Qxd2 11. Nxd2 Nf5 12. h3 Nxd4 13. Be3 Nc2 14. Rac1 Nxe3 15. fxe3 Nxe5 16. Nf3 Nxd3 17. Rcd1 Nc5 18. Ng5 f6 19. Nf3 Bd6 20. a3 0-0 21. e4 Rad8 22. Rfe1 dxe4 23. Nd2 f5 24. Nc4 Be7 25. Rxd8 Rxd8 26. a4 Bf6 27. a5 Bxc3 28. Rc1 Bd4+ 29. Kh1 Nd3 30. Rd1 Nf2+ 31. Kh2 Nxd1 32. Nd2 Be5+ 33. Kh1 Rxd2 34. Kg1 Ne3 35. Kh1 Rd1# 0-1